Statistics for Programming languages - "Hello World."

Click here to take the quiz!

General Stats

  • This quiz has been taken 1,830 times
  • The average score is 6 of 10

Answer Stats

HintAnswer% Correct
System.out.println("Hello World.");Java
92%
std::cout << "Hello, new world!\n";C++
90%
print "Hello World."Python
80%
printf("hello, world\n");C
73%
Console.WriteLine("Hello World.");C#
65%
alert('Hello, World!')JavaScript
58%
echo 'Hello World.';PHP
44%
puts 'Hello World.'Ruby
37%
Sub Main()

MsgBox("Hello World.")

End Sub
Visual Basic
28%
NSLog (@"Hello World.");Objective C
16%

Score Distribution

Percentile by Number Answered

Percent of People with Each Score

Your Score History

You have not taken this quiz